Infrastructure investment sees increased focus on emerging markets (Record no. 80537)

MARC details
000 -LEADER
fixed length control field 00945cab a22002055a 4500
001 - CONTROL NUMBER
control field L144659
008 - FIXED-LENGTH DATA ELEMENTS--GENERAL INFORMATION
fixed length control field 080804e2008 xxkad f s 000 0 eng d
035 ## - SYSTEM CONTROL NUMBER
System control number (Sirsi) u144659
041 0# - LANGUAGE CODE
Language code of text/sound track or separate title eng
100 1# - MAIN ENTRY--PERSONAL NAME
Personal name Lowik, Lonneke
245 00 - TITLE STATEMENT
Title Infrastructure investment sees increased focus on emerging markets
260 ## - PUBLICATION, DISTRIBUTION, ETC.
Date of publication, distribution, etc. 2008
490 #0 - SERIES STATEMENT
Series statement Property Forecast
Volume/sequential designation July 2008, 8-9(2)
520 ## - SUMMARY, ETC.
Summary, etc. Explains that infrastructure investments are becoming an important element of diversified portfolios as there is a growing need for reliable, stable income generating, long-term assets. Covers: current market for infrastructure funds; recent transactions activity. Charts show global infrastructure activity and European closed transactions 2005-first quarter 2008.
590 ## - LOCAL NOTE (RLIN)
Local note KA
651 #4 - SUBJECT ADDED ENTRY--GEOGRAPHIC NAME
Geographic name International
690 ## - LOCAL SUBJECT ADDED ENTRY--TOPICAL TERM (OCLC, RLIN)
Topical term or geographic name as entry element PROPERTY-COMMERCIAL PROPERTY-COMMERCIAL PROPERTY FINANCE AND INVESTMENT
690 ## - LOCAL SUBJECT ADDED ENTRY--TOPICAL TERM (OCLC, RLIN)
Topical term or geographic name as entry element PROPERTY-INFRASTRUCTURE
942 ## - ADDED ENTRY ELEMENTS (KOHA)
Suppress in OPAC 0
Holdings
Withdrawn status Lost status Source of classification or shelving scheme Damaged status Not for loan Home library Current library Shelving location Date acquired Total Checkouts Full call number Barcode Date last seen Copy number Price effective from Koha item type
    Dewey Decimal Classification     London London Journal article 04/08/2008   L144659 144659-1001 06/08/2019 1 06/08/2019 Journal article